| 000 | 00653nam a22001937a 4500 | ||
|---|---|---|---|
| 005 | 20180814151545.0 | ||
| 010 | _aENG-123729 | ||
| 020 |
_a9789352805518 _c995.00 |
||
| 035 | _aEN-107261 | ||
| 037 | _bDBAD/PUB | ||
| 082 | 0 | 0 | _a174.4 |
| 245 | 1 | 0 |
_aMindful communication for sustainable development: _ced.by Kalinga Seneviratne _bperspectives from asia / |
| 260 |
_aNew Delhi _bSAGE Publications, _c2018 |
||
| 270 |
_aB1/I-1 Mohan Cooperative Industrial Area, Mathura Road _b New Delhi _e110044 |
||
| 300 |
_axiv,353p. _c22 cm.(Hb) |
||
| 500 | _aIt include index | ||
| 700 | _aKalinga Seneviratne | ||
| 942 |
_2ddc _cEN _h174.4 _mMIN |
||
| 999 |
_c155907 _d155907 |
||